MARC details
| 000 -BAŞLIK |
| Sabit Uzunluktaki Kontrol Alanı |
03921nam a22003377a 4500 |
| 001 - KONTROL NUMARASI |
| Control Dosyası |
0039349 |
| 003 - KONTROL NUMARASI KİMLİĞİ |
| Kontrol Alanı |
KOHA_MİRAKIL |
| 005 - EN SON İŞLEM TARİHİ ve ZAMANI |
| Kontrol Alanı |
20260207003127.0 |
| 007 - FİZİKSEL TANIM SABİT ALAN - GENEL BİLGİ |
| Sabit uzunluklu kontrol alanı |
ta |
| 008 - SABİT UZUNLUKTAKİ VERİ ÖGELERİ - GENEL BİLGİ |
| Sabit Alan |
130114b2008 tu |||gr||||#||||0|tur | |
| 020 ## - ISBN - ULUSLARARASI STANDART KİTAP NUMARASI |
| Isbn |
9789758727070 |
| 040 ## - KATALOGLAMA KAYNAĞI |
| Özgün Kataloglama Kurumu |
TR-BiSEU |
| Kataloglama Dili |
tur |
| Çeviri Kurumu |
TR-BiSEU |
| Açıklama Kuralları |
rda |
| 041 0# - DİL KODU |
| Metin ya da ses kaydının dil kodu |
tur |
| 044 ## - YAYINLAYAN/ÜRETEN KURULUŞUN ÜLKE KODU |
| ISO country code |
tu |
| 050 ## - SINIFLAMA ve YER NUMARASI |
| Sınıflama Numarası |
QC174.13 |
| Yer Numarası |
.T37 2008 |
| 100 1# - KİŞİ ADI |
| Yazar Adı (Kişi adı) |
Taslaman, Caner. |
| 245 1# - ESER ADI BİLDİRİMİ |
| Başlık |
Kuantum teorisi felsefe ve Tanrı/ |
| Sorumluluk Bildirimi |
Caner Taslaman ; Caner Taslaman. |
| 250 ## - BASIM BİLDİRİMİ |
| Basım Bildirimi |
4. bs. |
| 264 #1 - ÜRERİM, YAYIN, DAĞITIM ve TELİF BİLDİRİMİ |
| Yayın yeri |
İstanbul : |
| Yayınlayan |
İstanbul Yayınevi |
| Yayın tarihi |
2008 |
| 300 ## - FİZİKSEL TANIMLAMA |
| Sayfa, Cilt vb. |
264 sayfa; 20 cm. |
| 336 ## - İÇERİK TÜRÜ |
| Content type term |
metin |
| Content type code |
txt |
| Source |
rdacontent |
| 337 ## - MEDYA TÜRÜ |
| Media type term |
aracısız |
| Media type code |
n |
| Source |
rdamedia |
| 338 ## - TAŞIYICI TÜRÜ |
| Carrier type term |
cilt |
| Carrier type code |
nc |
| Source |
rdacarrier |
| 500 ## - GENEL NOT |
| Genel Not |
Kaynakça var. |
| 505 ## - İÇİNDEKİLER NOTU |
| İçindekiler Notu |
İÇİNDEKİLER |
| 650 #0 - KONU BAŞLIĞI EK GİRİŞ - KONU TERİMİ |
| Konusal terim veya coğrafi ad |
Kuantum kuramı. |
| 9 (RLIN) |
30058 |
| 650 #0 - KONU BAŞLIĞI EK GİRİŞ - KONU TERİMİ |
| Konusal terim veya coğrafi ad |
Kuantum kuramı--Felsefe. |
| 9 (RLIN) |
73206 |
| 650 #0 - KONU BAŞLIĞI EK GİRİŞ - KONU TERİMİ |
| Konusal terim veya coğrafi ad |
Quantum theory. |
| 9 (RLIN) |
36230 |
| 650 #0 - KONU BAŞLIĞI EK GİRİŞ - KONU TERİMİ |
| Konusal terim veya coğrafi ad |
Quantum theory--Philosophy. |
| 9 (RLIN) |
73207 |
| 942 ## - EK GİRİŞ ÖGELERİ (KOHA) |
| Source of classification or shelving scheme |
Library of Congress Classification |
| Koha item type |
Book |
| 505 ## - İÇİNDEKİLER NOTU |
| -- |
Önsöz...9 |
| -- |
Giriş... 11 |
| -- |
1.BÖLÜM: KUANTUM TEORİSİ ORTAYA KONULMADAN ÖNCE |
| -- |
Bölüm Tanıtımı ..25 |
| -- |
Mikro Seviyeye Dair İlk Görüşmeler: Atomculuk...25 |
| -- |
Aristoteles Fiziği ve Kopernik, Kepler, Gallleo ...29 |
| -- |
Newton Fiziğinin Hakimiyeti ...34 |
| -- |
İlk Bilimsel Atom Modelleri...38 |
| -- |
2.BÖLÜM: |
| -- |
KUANTUM TEORİSİNİN |
| -- |
TANITIMI VE FELSEFİ ANALİZİ |
| -- |
Bölüm Tanıtımı...41 |
| -- |
Kuantum Teorisinin Ortaya Konuşu ve Çift Yarık Deneyi...42 |
| -- |
Bohr'un Atom Modeli ve Tamamlayıcılık İlkesi...47 |
| -- |
Tamamlayıcılık İlkesi'nden Hareketle Felsefi ve Teolojik...51 |
| -- |
Kuantum Teorisinin Farklı Yorumları...57 |
| -- |
1-Bilimsel Realizm...57 |
| -- |
2-Araçsalcılık (Aletçilik)...59 |
| -- |
3-Kritikçi Realizm...61 |
| -- |
Kritikçi Realizm ve Bilim-Din İlişkisi...63 |
| -- |
Heisenberg'in Belirsizlik İlkesi ve Farklı Yorumlanış Şekilleri... 67 |
| -- |
1-Cehaletimizden Kaynaklanan Belirsizlik...69 |
| -- |
2-Deneysel ve Kavramsal Sınırlılıklarımızdan Dolayı 70 |
| -- |
3-Objektif İndeterminizm Olarak Belirsizlik 73 |
| -- |
Objektif İndeterminizm ve Metafizik Tercihler 76 |
| -- |
Bütünsellik ve EPR...80 |
| -- |
Bell Teoremi, Yerel Olmama ve Aspect Deneyleri...84 |
| -- |
3.BÖLÜM: |
| -- |
TANRISAL ETKİNLİK VE KUANTUM TEORİSİ |
| -- |
Bölüm Tanıtımı ...91 |
| -- |
Tanrısal Etkinliğin Sınıflandırılması...92 |
| -- |
1-Tanrının Yoktan Yaratması Olarak...94 |
| -- |
2-Tanrı'nın Muhafaza Etmesi Olarak...95 |
| -- |
3-Tanrı'nın Oluşumları Gerçekleştirmesi Olarak...96 |
| -- |
4-Tanrı'nın Mucizeleri Gerçekleştirmesi Olarak...97 |
| -- |
Kuantum Belirsizliklerinin Tanrısal Etkinlikle Belirlenmesibbb...98 |
| -- |
Kuantum Boşlukları ve Tanrısal Etkinlik...102 |
| -- |
Nancey Murphy ve Buridan'ın Eşeği...105 - |
| -- |
Kaos Teorisi, John Polkinghorne ve Tanrısal Etkinlik...111 |
| -- |
4.BÖLÜM: |
| -- |
MUCİZELER, DOĞA YASALARI VE KUANTUM TEORİSİ |
| -- |
Bölüm Tanıtım...121 |
| -- |
Mucizeler Sorunu ve David Hume...122 |
| -- |
Mucizeler Sorununa Doğru Yaklaşım Belirlemek...130 |
| -- |
Mekanik Evren ve Mucizeler...134 |
| -- |
Doğa Yasalarına Farklı Felsefi Yaklaşımlar...138 |
| -- |
1- Düzenci Yaklaşım...139 |
| -- |
2-Araçsalcı Yaklaşım...141 |
| -- |
3-Zorunlulukçu Yaklaşım...143 |
| -- |
4-Olasılıkçı Yaklaşım...145 |
| -- |
Baştan Müdahale ve Mucizeler...150 |
| -- |
Kuantum Belirsizliklerinin Belirlenmesiyle Mucize...155 |
| -- |
Teolojik Agnostisizm ve Metodolojiden Ontoloji Üretme...161 |
| -- |
5. BÖLÜM: |
| -- |
KÖTÜLÜK SORUNU, ÖZGÜR İRADE SORUNU VE KUANTUM TEORİSİ |
| -- |
Bölüm Tanıtımı...169 |
| -- |
Kötülük Sorununun Özgür İrade Sorunuyla İlgisi...170 |
| -- |
Kötülük Sorunu ve Ontoloji...175 |
| -- |
Determinizm ve Özgür İrade...182 |
| -- |
1-Katı Determinizm...182 |
| -- |
2-Ilımlı Determinizm...185 |
| -- |
3-Libertaryan Yaklaşık...188 |
| -- |
Dualizm ve Zuhur Etme ile Özgür İradenin ...191 |
| -- |
Kuantum Teorisine Farklı Yaklaşımlar ve Özgür İrade...196 |
| -- |
Tanrı'nın Bilgisi ve Özgür İrade...202 |
| -- |
Özgür İrade Sorununu Çözemememizin Bazı Sebepleri...210 |
| -- |
Gözlemcinin Rolü, Tamamlayıcılık İlkesi ve Özgür İrade...215 |
| -- |
Sonuç 223 |
| -- |
Kaynaklar...239 |